000 00183nam a22000857a 4500
999 _c12817
_d12817
082 _aDS385.J5
100 _aMuhammad Ali Shaikh
245 _aQuai-i-Azam Mohammad Ali Jinnah
942 _cBK